Name that sitcom - Statistics

General Stats
  • This quiz has been taken 485 times
  • The average score is 6 of 15
Answer Stats
Characters Sitcom % Correct
Raj, Sheldon, Leonard The Big Bang Theory
90%
Gunther, Carol, Monica Friends
82%
Barney, Ted, Robin How I Met Your Mother
74%
Will, Ashley, Carlton, Jazz The Fresh Prince of Bel-Air
62%
Carly, Sam, Gibby iCarly
60%
Marty, Niles, Roz, Daphne Frasier
56%
Blanche, Rose, Stan Golden Girls
56%
Fran, Maxwell, Niles The Nanny
42%
Tori, Andre, Beck, Cat, Jade Victorious
33%
Roger, Tia, Tamera Sister Sister
31%
Hyacinth, Onslow, Emmet Keeping Up Appearances
22%
Rainbow, Dre, Zoey Blackish
13%
Carmen, Max, George George Lopez
7%
Emery, Jessica, Eddie Fresh Off The Boat
3%
Maya, Lynn, Joan, Toni Girlfriends
3%
No matching quizzes found
Score Distribution
Percent of People with Each Score
Percentile by Number Answered
Your Score History
You have not taken this quiz